LIBRARY & INFORMATION CENTRE, KCAET, TAVANUR

ONLINE PUBLIC ACCESS CATALOGUE (OPAC)

Development and performance evaluation of plantain peeler cum slicer (Record no. 14985)

MARC details
000 -LEADER
fixed length control field 00687nam a22001817a 4500
003 - CONTROL NUMBER IDENTIFIER
control field OSt
088 ## - REPORT NUMBER
Report number P 214
100 ## - MAIN ENTRY--AUTHOR NAME
Personal name ASWATHI K.B
-- INDULEKSHMI
245 ## - TITLE STATEMENT
Title Development and performance evaluation of plantain peeler cum slicer
260 ## - PUBLICATION, DISTRIBUTION, ETC. (IMPRINT)
Place of publication Tavanur 2010
Name of publisher Department of Post-Harvest Technology and Agricultural Processing
300 ## - PHYSICAL DESCRIPTION
Number of Pages 50
500 ## - GENERAL NOTE
General note Development and performance evaluation of plantain peeler cum slicer
520 ## - SUMMARY, ETC.
Summary, etc Development and performance evaluation of plantain peeler cum slicer
700 ## - ADDED ENTRY--PERSONAL NAME
Personal name Er. Rajesh G.K (Guide)
856 ## - ELECTRONIC LOCATION AND ACCESS
Uniform Resource Identifier https://drive.google.com/open?id=1WAHey6sSCTyd5GLc7NUrzKPyYmixCzya
942 ## - ADDED ENTRY ELEMENTS (KOHA)
Koha item type Project Report
Holdings
Collection code Home library Current library Shelving location Full call number Accession Number Koha item type
Reference KAUAET KAUAET Reference 631.56 ASW/DE P 214 Project Report
free website counter